000 00508nam a2200181Ia 4500
005 20250923144317.0
008 008 250917s9999 xx 000 0 eng d
037 _aTextual
040 _aDSWL
_beng
_cDSWL
041 _aeng
_2eng
084 _aQ6OY, H4
_qDSWL
100 _aFosdick, H.E.
_9823524
245 0 _aMeaning of service
_cby H.E. Fosdick
260 _aNew York
_b Association Press
_c1944
300 _a225 p.
942 _cTEXL
_hQ6OY, H4
999 _c1437299
_d1437299